=LDR 00000nam 2200000 4500 =001 INLIS000000000057463 =990 ##$$a 21106421/pb/2011 =990 ##$$a 21106421/pb/2011 =005 20210120121427 =035 ##$$a 0010-0121000053 =245 1#$$a SRIKANDI : $b Ksatria Putri yang Perkasa =100 #$$a Siddha Malilang =300 ##$$a 107 hlm ; $c 30cm =260 ##$$a Jakarta :$b Gramedia Pustaka Utama,$c 2006 =082 ##$$a 808 =084 ##$$a 808 SID s =020 ##$$a 20106011